Erika Lyrics Quiz - Statistics

General Stats
  • This quiz has been taken 91 times
  • The average score is 39 of 85
Answer Stats
Answer % Correct
Erika
92%
Erika
92%
Erika
92%
Erika
92%
Erika
92%
Erika
92%
Auf
84%
Auf
84%
Auf
84%
der
78%
der
78%
der
78%
der
78%
ein
78%
ein
78%
ein
78%
ein
78%
das
75%
das
75%
das
75%
das
75%
das
75%
Heide
71%
Heide
71%
heide
71%
Und
68%
Und
68%
Und
68%
Und
68%
Und
68%
kleines
64%
kleines
64%
kleines
64%
kleines
64%
Blümelein
62%
Blümelein
62%
Blümelein
62%
heißt
61%
heißt
61%
heißt
61%
heißt
61%
blüht
58%
blüht
58%
blüht
58%
blüht
58%
Heiß
46%
von
42%
kleinen
37%
hunderttausend
33%
Bienelein
32%
ist
26%
ist
26%
Wird
24%
umschwärmt
22%
mein
21%
mein
21%
Süßigkeit
21%
voller
21%
Herz
18%
ihr
17%
ihr
17%
Glück
16%
Zarter
16%
Denn
14%
Duft
14%
In
14%
dem
13%
Blütenkleid
12%
Mägdelein
12%
treues
12%
Dieses
11%
dieses
11%
Mädel
11%
Schätzelein
11%
Heimat
9%
ich
9%
wohnt
9%
entströmt
8%
rot-lila
5%
Singe
5%
Wenn
5%
Gruß
4%
Heidekraut
4%
Lied
3%
zum
3%
No matching quizzes found
Score Distribution
Percent of People with Each Score
Percentile by Number Answered
Your Score History
You have not taken this quiz